Catálogo

TEORIA DE LA PERSONALIDAD (Registro nro. 30417)

Detalles MARC
000 -LEADER
fixed length control field 00586nam a2200205 a 4500
001 - CONTROL NUMBER
control field 30417
005 - DATE AND TIME OF LATEST TRANSACTION
control field 20180713233625.0
008 - FIXED-LENGTH DATA ELEMENTS--GENERAL INFORMATION
fixed length control field 140415s1989 000 0 spa d
020 ## - INTERNATIONAL STANDARD BOOK NUMBER
International Standard Book Number 9682459249
041 ## - LANGUAGE CODE
Language code of text/sound track or separate title spa
082 ## - DEWEY DECIMAL CLASSIFICATION NUMBER
Classification number 153
Item number DIC
100 1# - MAIN ENTRY--PERSONAL NAME
Personal name DICAPRIO, N.S.
245 10 - TITLE STATEMENT
Title TEORIA DE LA PERSONALIDAD
250 ## - EDITION STATEMENT
Edition statement 2ª EDICIÓN
260 ## - PUBLICATION, DISTRIBUTION, ETC.
Place of publication, distribution, etc. [s.l.] :
Name of publisher, distributor, etc. MC GRAW HILL,
Date of publication, distribution, etc. 1989, 1986
300 ## - PHYSICAL DESCRIPTION
Extent 555
Dimensions 18 x 4 x 26
700 1# - ADDED ENTRY--PERSONAL NAME
Personal name JORGE ALBERTO VELAZQUEZ ARELLANO
Relator term tr.
700 1# - ADDED ENTRY--PERSONAL NAME
Personal name JULIAN MAC GREGORY Y SNCHEZ NAVARRO
Relator term pról.
740 ## - ADDED ENTRY--UNCONTROLLED RELATED/ANALYTICAL TITLE
Uncontrolled related/analytical title PERSONALITY THEORIES
Existencias
Withdrawn status Lost status Source of classification or shelving scheme Damaged status Not for loan Collection code Home library Current library Shelving location Date acquired Source of acquisition Total Checkouts Full call number Barcode Price effective from Koha item type
    Dewey Decimal Classification     General Tehuacán Tehuacán Sala general 03/12/2013 Compra   153 DIC 504914 03/12/2013 Libro